Harry Potter Names - Statistics

General Stats
  • This quiz has been taken 123 times
  • The average score is 33 of 39
Answer Stats
Hint Answer % Correct
Potter Harry
99%
Weasley Ron
99%
James
98%
Fred
97%
George
97%
Lily
97%
Lovegood Luna
97%
Arthur
96%
Bill
96%
Ginny
96%
Granger Hermione
96%
Molly
96%
Percy
96%
Black Sirius
96%
Charlie
95%
Malfoy Draco
93%
Longbottom Neville
92%
Dumbledore Albus
91%
Lestrange Bellatrix
91%
Lucius
91%
Brown Lavender
89%
Narcissa
89%
Snape Severus
89%
Umbridge Dolores
88%
Regulus
86%
Xenophilius
86%
Frank
85%
Alice
84%
Aberforth
83%
Ariana
80%
MacMillian Ernie
78%
Kendra
74%
Rodolphus
72%
Percival
67%
Phineas Nigellus
64%
Antioch
63%
Cadmus
61%
Yaxley Corban
42%
Peverell Ignotius
22%
No matching quizzes found
Score Distribution
Percent of People with Each Score
Percentile by Number Answered
Your Score History
You have not taken this quiz